Missing Word: Albums (C) Quiz Stats

Quiz Updated Aug 27, 2015

Challenge
Share
Tweet
Embed
Score 0/22 Timer 03:00
0 Plays Today
Album 'C' Word % Correct
Hotel ____California
97.4%
Women and ____ FirstChildren
87.9%
London ____Calling
85.9%
____ With UsCome
74%
Don't Be ____Cruel
70.6%
Fresh ____Cream
70.6%
____ by NumbersColour
59.7%
The ____ DropoutCollege
59.4%
____ to the EdgeClose
57.8%
____ Slow DownCan't
56.2%
OK ____Computer
43.7%
Album 'C' Word % Correct
____ GrammarCountry
42.1%
____ of the CenturyCrime
42%
Obscured by ____Clouds
39.5%
Take ____Care
33.8%
The Raw & the ____Cooked
32.6%
The ____Chronic
32.2%
Songs from the Big ___Chair
25.6%
Power, ____ & LiesCorruption
23.7%
No ____Code
12%
Forever ____Changes
10.9%
____ Rain, ____ RainCrooked
10.3%

Today's Daily Dose

Missing Word
Law Misconceptions

Word Ladder
Easy Math

On This Day
January 20th

You're not logged in!

Compare scores with friends on all Sporcle quizzes.
Sign Up with Email
OR
Log In

You Might Also Like...

Show Comments

Extras

Top Quizzes Today


Score Distribution

Your Account Isn't Verified!

In order to create a playlist on Sporcle, you need to verify the email address you used during registration. Go to your Sporcle Settings to finish the process.